| 000 | 00610nam a2200193Ia 4500 | ||
|---|---|---|---|
| 003 | IN-BaIIA | ||
| 008 | 211028s9999 xx 000 0 eng d | ||
| 040 | _cIIA Library | ||
| 080 |
_a047.1:539.1 _bPRO-10 |
||
| 245 | 0 |
_aProgress in nuclear physics _bvol. 10 _cedited by Brink D. M. and Mulvey J. H. |
|
| 260 |
_aLondon _bPergamon Press _c1969 |
||
| 300 | _avii, 390p. | ||
| 650 | _aHigh energy interactions | ||
| 650 | _aNASA Thesaurus | ||
| 650 | _aNuclear research | ||
| 700 |
_aBrink, D. M.,ed. _96311 |
||
| 700 |
_aMulvey, J. H., ed. _96312 |
||
| 942 | _cBK | ||
| 999 |
_c3568 _d3568 |
||